[Event "EU-ch U12"]
[Site "Bratislava"]
[Date "2019.08.07"]
[Round "6"]
[White "Nielsen Refs, Karl Emil Elmer"]
[Black "Soucek, Jan"]
[Result "0-1"]
[WhiteElo "1567"]
[BlackElo "1627"]
[PlyCount "54"]
[EventDate "2019.08.02"]
[EventType "swiss"]
[EventRounds "9"]
[EventCountry "SVK"]
[SourceTitle "EXT 2020"]
[Source "ChessBase"]
[SourceDate "2019.10.17"]
[SourceVersion "1"]
[SourceVersionDate "2019.10.17"]
[SourceQuality "1"]

1. c4 e5 2. g3 Nf6 3. Bg2 Nc6 4. Nc3 Be7 5. e3 0-0 6. d4 exd4 7. exd4 d5 8. cxd5 Nb4 9. Bf4 Bf5 10. Ke2 Nbxd5 11. Be5 c6 12. Nf3 Bb4 13. Rc1 Bxc3 14. bxc3 Ne4 15. Qb3 Nexc3+ 16. Rxc3 Nxc3+ 17. Qxc3 Re8 18. Kd2 g5 19. Qb3 Rxe5 20. Nxe5 Qxd4+ 21. Nd3 Bxd3 22. Qxd3 Qxf2+ 23. Kc3 Qxg2 24. Rf1 Qd5 25. Qe3 Qa5+ 26. Kd4 Rd8+ 27. Kc4 Qa4+ 0-1

[Event "EU-ch U10 28th"]
[Site "Riga"]
[Date "2018.08.21"]
[Round "2"]
[White "Efimov, Leonid"]
[Black "Soucek, Jan"]
[Result "1-0"]
[WhiteElo "1658"]
[BlackElo "1492"]
[PlyCount "97"]
[EventDate "2018.08.20"]
[EventType "swiss"]
[EventRounds "9"]
[EventCountry "LAT"]
[SourceTitle "CBM 186 Extra"]
[Source "ChessBase"]
[SourceDate "2018.08.24"]
[SourceVersion "1"]
[SourceVersionDate "2018.08.24"]
[SourceQuality "1"]

1. Nf3 d5 2. g3 Nf6 3. Bg2 c6 4. 0-0 Bf5 5. d3 Nbd7 6. Nh4 Bg6 7. Qe1 e6 8. e4 dxe4 9. dxe4 Bc5 10. a4 0-0 11. Nxg6 hxg6 12. Na3 Qc7 13. b4 Be7 14. Nc4 Rfd8 15. Qc3 e5 16. Bb2 Rac8 17. f4 exf4 18. gxf4 c5 19. b5 Nb6 20. a5 Nxc4 21. Qxc4 Kf8 22. e5 Ng4 23. Qe4 Nh6 24. Qxb7 Qxb7 25. Bxb7 Rb8 26. a6 c4 27. Ba3 Nf5 28. Bxe7+ Nxe7 29. Rfd1 Rxd1+ 30. Rxd1 Ke8 31. b6 Nc8 32. Bxc8 Rxc8 33. b7 Rb8 34. Kf2 Ke7 35. Rd6 f6 36. h4 Rf8 37. Ke3 Rb8 38. Kd4 c3 39. Kc5 g5 40. hxg5 fxg5 41. fxg5 g6 42. Kc6 Kf7 43. Kc7 Rf8 44. Rf6+ Ke7 45. b8Q Rh8 46. Rf7+ Kxf7 47. Qxh8 Ke7 48. Qf6+ Ke8 49. Qxg6+ 1-0